Movie by British Villain Quiz Stats

 Plays Quiz Updated Aug 20, 2014

Support Sporcle.
Go Orange.
Score 0/20 Timer 07:00
2 Plays Today
% Correct
The Lion King
97.1%
The Jungle Book
94.1%
X-Men
92.5%
The Silence of the Lambs
89%
The Avengers
83.9%
Die Hard
79.7%
Harry Potter and the Half-Blood Prince
78.2%
It
74.2%
Schindler's List
73.7%
American Psycho
71.4%
% Correct
The Da Vinci Code
70.6%
The Chronicles of Narnia: The Lion, the Witch and the Wardrobe
70.2%
Labyrinth
62.2%
Matilda
61.9%
There Will Be Blood
58.1%
Jumanji
52.5%
Iron Man 3
48.2%
Star Trek Into Darkness
44.6%
National Treasure
32%
Léon
30.9%

You're not logged in!

Compare scores with friends on all Sporcle quizzes.
OR
Log In

From the Vault

Remove Ads.
Support Sporcle.
Get the best of Sporcle when you Go Orange. This ad-free experience offers more features, more stats, and more fun while also helping to support Sporcle. Thank you for becoming a member.

Show Comments

Extras

Top Quizzes Today


Score Distribution

Your Account Isn't Verified!

In order to create a playlist on Sporcle, you need to verify the email address you used during registration. Go to your Sporcle Settings to finish the process.

Report this User

Report this user for behavior that violates our Community Guidelines.

Details: